[Event "Lalevitch 2011"]
[Site "CRELEL"]
[Date "2011.09.30"]
[Round "3"]
[White "Joassin, Stephane"]
[Black "De Vettor, Marc"]
[Result "1-0"]
[WhiteElo "1726"]
[BlackElo "1762"]
[PlyCount "97"]
[EventDate "2011.??.??"]

1. e4 Nf6 2. Nc3 d5 3. e5 d4 4. exf6 dxc3 5. fxg7 cxd2+ 6. Qxd2 Qxd2+ 7. Bxd2
Bxg7 8. O-O-O Be6 9. Nf3 Nd7 10. Be3 O-O 11. Nd4 Nb6 12. Nxe6 fxe6 13. c4 Rad8
14. b3 Rxd1+ 15. Kxd1 Rd8+ 16. Kc2 Bd4 17. Bxd4 Rxd4 18. Be2 e5 19. Rd1 Nd7 20.
Rd3 Nf6 21. f3 c5 22. Re3 e4 23. fxe4 Rxe4 24. Rg3+ Kf7 25. Bf3 Rf4 26. Bxb7
Rf2+ 27. Kb1 Rf1+ 28. Kb2 Re1 29. Ka3 e5 30. Ka4 e4 31. Kb5 e3 32. Kxc5 e2 33.
Bf3 Ra1 34. Bxe2 Ne4+ 35. Kc6 Nxg3 36. hxg3 Rxa2 37. Bf3 Kf6 38. b4 Ra6+ 39.
Kb5 Rb6+ 40. Ka5 Ke5 41. c5 Rg6 42. b5 Rxg3 43. b6 axb6+ 44. cxb6 Rg8 45. b7
Kd6 46. Kb6 Rf8 47. Bg4 Rb8 48. Bc8 h5 49. Bh3 1-0

[Event "Lalevitch 2011"]
[Site "CRELEL"]
[Date "2011.10.14"]
[Round "5"]
[White "Iafelice, Luigi"]
[Black "De Vettor, Marc"]
[Result "1/2-1/2"]
[WhiteElo "1735"]
[BlackElo "1716"]
[PlyCount "60"]
[EventDate "2011.??.??"]

1. e4 Nf6 2. e5 Nd5 3. Nc3 Nxc3 4. dxc3 Nc6 5. Nf3 g6 6. Bc4 Bg7 7. Bf4 d6 8.
Qe2 O-O 9. O-O-O Bg4 10. e6 fxe6 11. Bxe6+ Bxe6 12. Qxe6+ Kh8 13. Bg5 Qc8 14.
Rhe1 Qxe6 15. Rxe6 Bf6 16. Bxf6+ Rxf6 17. Rxf6 exf6 18. Re1 Kg7 19. Nd4 Kf7 20.
f4 Re8 21. Rxe8 Kxe8 22. g4 Nxd4 23. cxd4 Ke7 24. c4 d5 25. b3 c5 26. dxc5 dxc4
27. b4 Ke6 28. Kc2 Kd5 29. Kc3 f5 30. g5 a6 1/2-1/2

[Event "Lalevitch 2011"]
[Site "CRELEL"]
[Date "2011.10.28"]
[Round "7"]
[White "Iafelice, Luigi"]
[Black "Delcour, Errol"]
[Result "1/2-1/2"]
[WhiteElo "1735"]
[BlackElo "1779"]
[PlyCount "70"]
[EventDate "2011.??.??"]

1. e4 e5 2. Nf3 Nc6 3. Bc4 Nf6 4. Ng5 d5 5. exd5 Na5 6. d3 h6 7. Nf3 e4 8. Qe2
Qe7 9. dxe4 Nxc4 10. Qxc4 Nxe4 11. O-O Nd6 12. Qb3 Qf6 13. Qc3 Be7 14. Qxf6
Bxf6 15. Re1+ Kd8 16. Nbd2 b5 17. Nb3 Bb7 18. Rd1 Ne4 19. Na5 Kc8 20. Nxb7 Kxb7
21. c3 Rad8 22. Be3 Rd7 23. Nd2 Re8 24. Nxe4 Rxe4 25. Rd2 b4 26. Rb1 a5 27. Rd3
Ka6 28. cxb4 Rxb4 29. b3 Be7 30. Rbd1 Bd6 31. h3 Re7 32. Kf1 f5 33. Bd2 Rbe4
34. Re3 Rd4 35. Rxe7 Bxe7 1/2-1/2

[Event "Lalevitch 2011"]
[Site "CRELEL"]
[Date "2011.10.07"]
[Round "4"]
[White "Valderrey, Theofilo"]
[Black "Delcour, Errol"]
[Result "0-1"]
[WhiteElo "1547"]
[BlackElo "1779"]
[PlyCount "58"]
[EventDate "2011.??.??"]

1. e4 e5 2. Nf3 Nc6 3. d4 exd4 4. Nxd4 Bc5 5. Be3 Qf6 6. c3 Nge7 7. Be2 d5 8.
exd5 Nxd5 9. O-O Nxe3 10. fxe3 Qg5 11. Qd2 Be6 12. Bb5 O-O-O 13. Bxc6 bxc6 14.
Qe2 Kb7 15. Nd2 Rhe8 16. Rae1 Rd5 17. Qf3 Bd6 18. h3 Bd7 19. e4 Rxd4 20. cxd4
Qxd2 21. e5 Qxd4+ 22. Kh1 Rxe5 23. Qxf7 Rxe1 24. Rxe1 Qh4 25. Qb3+ Qb4 26. Qe3
c5 27. Rd1 Bc6 28. Rd3 c4 29. Rc3 Qxb2 0-1

[Event "Lalevitch 2011"]
[Site "CRELEL"]
[Date "2011.10.07"]
[Round "4"]
[White "Kuypers, Raoul"]
[Black "Demblon, Jean-Luc"]
[Result "0-1"]
[WhiteElo "1316"]
[BlackElo "1671"]
[PlyCount "84"]
[EventDate "2011.??.??"]

1. e4 e5 2. Nf3 d6 3. Bc4 Be7 4. Nc3 Nf6 5. d3 Bg4 6. h3 Bh5 7. Bd2 Nc6 8. Bb5
O-O 9. g4 Bg6 10. Qe2 a6 11. Bxc6 bxc6 12. O-O-O Nd7 13. Rhg1 f6 14. Nh4 Bf7
15. Nf5 Nc5 16. h4 d5 17. a3 d4 18. Nb1 Na4 19. g5 Bg6 20. Nxe7+ Qxe7 21. h5
Be8 22. gxf6 Qxf6 23. Rg2 Qe6 24. Rdg1 Qa2 25. Rxg7+ Kh8 26. Kd1 Qxb1+ 27. Bc1
Nxb2+ 28. Kd2 c5 29. Rxc7 Ba4 30. Rxc5 Rac8 31. Qg4 Rxf2+ 32. Ke1 Qxc1+ 33.
Kxf2 Qd2+ 34. Kg3 Rg8 35. Rc8 Qf4+ 36. Kh3 Qxg4+ 37. Rxg4 Rxc8 38. Rg5 Bxc2 39.
Rxe5 Nxd3 40. Ra5 Rc6 41. Kg4 Kg7 42. Kg5 Rc5+ 0-1

[Event "Lalevitch 2011"]
[Site "CRELEL"]
[Date "2011.10.21"]
[Round "6"]
[White "Sauvage, Eric"]
[Black "Demblon, Jean-Luc"]
[Result "1-0"]
[WhiteElo "2058"]
[BlackElo "1671"]
[PlyCount "27"]
[EventDate "2011.??.??"]

1. e4 e5 2. Nc3 Bc5 3. f4 Bxg1 4. Rxg1 Qh4+ 5. g3 Qxh2 6. Rg2 Qh1 7. fxe5 d6 8.
exd6 Bh3 9. dxc7 Nc6 10. Rf2 Nd4 11. Qh5 Nxc2+ 12. Kd1 Bg4+ 13. Qxg4 Ne7 14.
Kxc2 1-0

[Event "Lalevitch 2011"]
[Site "CRELEL"]
[Date "2011.10.14"]
[Round "5"]
[White "Hansotte, Michel"]
[Black "Depaz, Charles-Eric"]
[Result "1-0"]
[WhiteElo "1467"]
[BlackElo "1150"]
[PlyCount "53"]
[EventDate "2011.??.??"]

1. d4 d5 2. Nf3 Nc6 3. e3 Bg4 4. c4 e6 5. cxd5 exd5 6. Bb5 Nf6 7. O-O Bd6 8.
Nbd2 Ne4 9. Bxc6+ bxc6 10. Qc2 Nxd2 11. Nxd2 Qd7 12. e4 Bh3 13. exd5 Bxg2 14.
Re1+ Kd8 15. Kxg2 Qg4+ 16. Kh1 Qh3 17. Nf1 Re8 18. Rxe8+ Kxe8 19. Qe4+ Kf8 20.
Qg2 Qd3 21. dxc6 Qxd4 22. Rb1 Re8 23. Be3 Qd3 24. Rc1 a6 25. Ng3 Bxg3 26. Qxg3
Rc8 27. Bc5+ 1-0

[Event "Lalevitch 2011"]
[Site "CRELEL"]
[Date "2011.12.02"]
[Round "9"]
[White "Houben, Gerard"]
[Black "Depaz, Charles-Eric"]
[Result "0-1"]
[WhiteElo "1448"]
[BlackElo "1150"]
[PlyCount "82"]
[EventDate "2011.??.??"]

1. c4 e5 2. e4 Nf6 3. d3 Bc5 4. Be2 Nc6 5. Bg5 d6 6. h3 Bd4 7. Nc3 h6 8. Bh4
Be6 9. Nf3 O-O 10. O-O a6 11. Rb1 Rb8 12. a3 b5 13. cxb5 axb5 14. Qc2 b4 15.
axb4 Nxb4 16. Qd2 c6 17. Bd1 d5 18. Ne2 dxe4 19. Nexd4 exf3 20. Nxe6 fxe6 21.
Bxf3 e4 22. Bg4 e5 23. Qc3 Qd5 24. dxe4 Nxe4 25. Qe3 Nd3 26. Be6+ Qxe6 27. Qxd3
Nd6 28. Bg3 Rb3 29. Qc2 Nf5 30. Bh2 Nd4 31. Qd2 Rxh3 32. Rfe1 Qg4 33. Re3 Nf3+
34. Rxf3 Rhxf3 35. Bg3 R3f7 36. Qe3 e4 37. b4 h5 38. Rf1 h4 39. Bh2 Rf3 40. Qc5
e3 41. Kh1 Rxf2 0-1

[Event "Lalevitch 2011"]
[Site "CRELEL"]
[Date "2011.09.30"]
[Round "3"]
[White "Valderrey, Theofilo"]
[Black "Depaz, Charles-Eric"]
[Result "1-0"]
[WhiteElo "1547"]
[BlackElo "1150"]
[PlyCount "53"]
[EventDate "2011.??.??"]

1. e4 e5 2. Nf3 Nc6 3. d4 exd4 4. Nxd4 Nf6 5. Nc3 Bb4 6. Nxc6 bxc6 7. Bg5 Bxc3+
8. bxc3 Rb8 9. Bd3 d6 10. O-O Be6 11. f4 Qc8 12. Re1 Bg4 13. Qd2 Nd7 14. h3 f6
15. Bh4 Be6 16. Bg3 O-O 17. e5 fxe5 18. fxe5 dxe5 19. Bxe5 Nxe5 20. Rxe5 Bxh3
21. Qg5 Bd7 22. Re7 Rf7 23. Bxh7+ Kf8 24. Rxf7+ Kxf7 25. Rf1+ Ke6 26. Re1+ Kf7
27. Re7+ 1-0

[Event "Lalevitch 2011"]
[Site "CRELEL"]
[Date "2011.10.14"]
[Round "5"]
[White "Becker, Joseph"]
[Black "Depaz, Jean-Marc"]
[Result "1/2-1/2"]
[WhiteElo "1476"]
[BlackElo "1682"]
[PlyCount "61"]
[EventDate "2011.??.??"]

1. d4 d5 2. Bf4 Nf6 3. c3 Bf5 4. e3 e6 5. Nf3 Be7 6. h3 h6 7. Bd3 Bxd3 8. Qxd3
O-O 9. Nbd2 Nbd7 10. g4 c5 11. Rg1 Nh7 12. Ne5 Nxe5 13. Bxe5 Qb6 14. Qc2 Rac8
15. Nf3 Qa6 16. Qe2 c4 17. g5 hxg5 18. h4 f6 19. Bh2 b5 20. hxg5 Nxg5 21. Nxg5
fxg5 22. Be5 Bf6 23. Bxf6 Rxf6 24. Rxg5 Rh6 25. Rh5 Rg6 26. Rh1 Qa4 27. f4 b4
28. Kf2 bxc3 29. bxc3 Qa3 30. Qc2 Kf7 31. Rhb1 1/2-1/2

[Event "Lalevitch 2011"]
[Site "CRELEL"]
[Date "2011.12.02"]
[Round "9"]
[White "Hansotte, Michel"]
[Black "Depaz, Jean-Marc"]
[Result "1/2-1/2"]
[WhiteElo "1467"]
[BlackElo "1682"]
[PlyCount "122"]
[EventDate "2011.??.??"]

1. d4 d5 2. Nf3 Nf6 3. c4 c6 4. Nc3 Bf5 5. e3 h6 6. cxd5 cxd5 7. Qb3 Qd7 8. Bb5
Nc6 9. O-O e6 10. Ne5 Qc7 11. Qa4 Rc8 12. Qxa7 Bd6 13. Nxc6 bxc6 14. Qxc7 Rxc7
15. Ba4 O-O 16. Bd2 Rb8 17. b3 Ba3 18. Bc1 Bb4 19. Bb2 Nd7 20. Rfc1 Nb6 21. h3
Ra8 22. a3 Bxc3 23. Bxc3 Nxa4 24. bxa4 Rxa4 25. Bb4 Rb7 26. Kf1 Bd3+ 27. Ke1
Bb5 28. f3 Bc4 29. Kf2 f6 30. h4 g5 31. Kg3 Kg7 32. h5 Ra8 33. Kf2 f5 34. Rcb1
Rab8 35. Rc1 Kf6 36. Kg3 Rb6 37. Bd6 R8b7 38. Kh3 Rb3 39. Re1 Rb2 40. Bb4 g4+
41. fxg4 fxg4+ 42. Kxg4 Rg7+ 43. Kh3 Rgxg2 44. Rg1 Rh2+ 45. Kg3 Rxh5 46. Bd6
Kf5 47. Bf4 Rbh2 48. Rg2 Rh1 49. Rxh1 Rxh1 50. Rf2 Kg6 51. Be5 Rf1 52. Rg2 Rf5
53. Bf4 Rf7 54. Rh2 h5 55. Kh4 Kf5 56. Rg2 Ke4 57. Rg5 Be2 58. Re5+ Kf3 59.
Rxe6 Bb5 60. Rh6 Ra7 61. Rf6 Ke4 1/2-1/2

[Event "Lalevitch 2011"]
[Site "CRELEL"]
[Date "2011.10.28"]
[Round "7"]
[White "Lecoq, Eric"]
[Black "Depaz, Jean-Marc"]
[Result "1-0"]
[WhiteElo "1843"]
[BlackElo "1682"]
[PlyCount "33"]
[EventDate "2011.??.??"]

1. e4 e5 2. Nf3 Nc6 3. d4 exd4 4. Nxd4 Bc5 5. Nb3 Bb6 6. a4 Qf6 7. Qe2 a6 8.
Nc3 Nge7 9. Nd5 Nxd5 10. exd5+ Ne7 11. a5 Ba7 12. h4 Qf5 13. Ra4 O-O 14. Rf4
Qg6 15. Qxe7 Qxc2 16. Rh3 b5 17. Bd3 1-0

[Event "Lalevitch 2011"]
[Site "CRELEL"]
[Date "2011.09.02"]
[Round "1"]
[White "Moch, Jean"]
[Black "Depaz, Jean-Marc"]
[Result "0-1"]
[WhiteElo "1221"]
[BlackElo "1682"]
[PlyCount "62"]
[EventDate "2011.??.??"]

1. d4 d5 2. c4 e6 3. Nc3 Nf6 4. Bg5 Be7 5. e3 Nbd7 6. cxd5 exd5 7. Bd3 O-O 8.
Nf3 c6 9. Qc2 Re8 10. O-O-O Nf8 11. Ne5 Ng4 12. Bxe7 Qxe7 13. Nxg4 Bxg4 14.
Rde1 Bh5 15. h3 Bg6 16. Bxg6 Nxg6 17. g3 Qf6 18. h4 Ne7 19. g4 Rad8 20. g5 Qf5
21. e4 dxe4 22. Qd1 Nd5 23. Ne2 Nb4 24. Kb1 e3+ 25. Ka1 Nc2+ 26. Kb1 Na3+ 27.
Ka1 Nc2+ 28. Kb1 Nxe1+ 29. Ka1 exf2 30. Ng3 Qf3 31. Qb3 Nd3 0-1

[Event "Lalevitch 2011"]
[Site "CRELEL"]
[Date "2011.09.16"]
[Round "2"]
[White "Barbier, Frederic"]
[Black "Dubois, Theo"]
[Result "0-1"]
[WhiteElo "1769"]
[BlackElo "1600"]
[PlyCount "118"]
[EventDate "2011.??.??"]

1. c4 Nc6 2. Nc3 e5 3. g3 Bc5 4. Bg2 Nf6 5. Nf3 e4 6. Ng5 Bxf2+ 7. Kxf2 Ng4+ 8.
Kg1 Qxg5 9. Nxe4 Qe7 10. e3 d6 11. h3 Nge5 12. d3 f5 13. Nc3 Be6 14. Nd5 Bxd5
15. cxd5 Nd8 16. d4 Nd7 17. Kh2 O-O 18. Bd2 Nf6 19. Rf1 Ne4 20. Qc2 Nxd2 21.
Qxd2 g6 22. Rae1 Qd7 23. Rf4 Nf7 24. e4 fxe4 25. Rfxe4 Rae8 26. h4 Rxe4 27.
Rxe4 Re8 28. Bh3 Qd8 29. Be6 Kg7 30. Rf4 Nh6 31. Kh3 Rf8 32. g4 Rxf4 33. Qxf4
Qf8 34. Kg3 Qxf4+ 35. Kxf4 Nf7 36. Bxf7 Kxf7 37. Kg5 Kg7 38. b4 h6+ 39. Kf4 Kf6
40. a4 g5+ 41. hxg5+ hxg5+ 42. Ke4 a6 43. b5 axb5 44. a5 Ke7 45. Kd3 Kd7 46.
Kc3 c5 47. dxc6+ bxc6 48. Kb4 d5 49. Kc5 Kc7 50. a6 Kb8 51. Kb4 Ka8 52. Kc5 Ka7
53. Kb4 Kxa6 54. Ka3 Ka5 55. Kb3 b4 56. Kb2 Ka4 57. Ka2 b3+ 58. Kb2 Kb4 59. Kb1
Kc4 0-1

[Event "Lalevitch 2011"]
[Site "CRELEL"]
[Date "2011.10.21"]
[Round "6"]
[White "Delcour, Errol"]
[Black "Dubois, Theo"]
[Result "1/2-1/2"]
[WhiteElo "1779"]
[BlackElo "1600"]
[PlyCount "37"]
[EventDate "2011.??.??"]

1. e4 e5 2. Nf3 Nf6 3. Nxe5 d6 4. Nf3 Nxe4 5. d4 d5 6. Bd3 Be7 7. O-O O-O 8. c4
Bg4 9. Nc3 Nxc3 10. bxc3 f5 11. Qe2 c5 12. Qe6+ Kh8 13. Ne5 Rf6 14. Nf7+ Rxf7
15. Qxf7 dxc4 16. Bxc4 f4 17. Re1 Nc6 18. d5 Na5 19. Rxe7 1/2-1/2

[Event "Lalevitch 2011"]
[Site "CRELEL"]
[Date "2011.10.07"]
[Round "4"]
[White "Krzewinski, Fabien"]
[Black "Dubois, Theo"]
[Result "1-0"]
[WhiteElo "1994"]
[BlackElo "1600"]
[PlyCount "71"]
[EventDate "2011.??.??"]

1. d4 d5 2. Nf3 Nc6 3. c4 Bg4 4. e3 e5 5. Be2 Bxf3 6. Bxf3 e4 7. Be2 Bb4+ 8.
Nc3 Nf6 9. a3 Bxc3+ 10. bxc3 O-O 11. O-O Ne7 12. cxd5 Nfxd5 13. Qc2 c5 14. c4
Nf6 15. Rd1 Qd6 16. h4 Nc6 17. dxc5 Qxc5 18. Bb2 Ne5 19. Bd4 Qc7 20. Qd2 Rfe8
21. h5 b6 22. Rac1 Nfd7 23. a4 h6 24. a5 Nc5 25. axb6 axb6 26. Ra1 f6 27. Rdb1
Rxa1 28. Rxa1 Ncd3 29. Qc3 Qxc4 30. Bxe5 Qxc3 31. Bxc3 Rc8 32. Bd4 b5 33. Bxd3
exd3 34. Rd1 b4 35. Rxd3 Rc1+ 36. Kh2 1-0

[Event "Lalevitch 2011"]
[Site "CRELEL"]
[Date "2011.09.16"]
[Round "2"]
[White "Laouar, Hassen"]
[Black "Evrard, Jean-Marie"]
[Result "1-0"]
[WhiteElo "1450"]
[BlackElo "1150"]
[PlyCount "83"]
[EventDate "2011.??.??"]

1. e4 e5 2. Nf3 Nc6 3. Bc4 Nf6 4. Nc3 Bc5 5. O-O d6 6. h3 Be6 7. Bxe6 fxe6 8.
d3 d5 9. Na4 Bd6 10. Nc3 d4 11. Ne2 Qe7 12. a3 a5 13. Bd2 a4 14. b3 axb3 15.
cxb3 Rxa3 16. Qc2 Rxa1 17. Rxa1 O-O 18. Bg5 Nb4 19. Qc4 c5 20. Nh4 Qf7 21. Ng3
Nd7 22. Rf1 h6 23. Bd2 Nc6 24. Qb5 Rb8 25. Ra1 Rf8 26. Nh1 Ndb8 27. g4 Na6 28.
Qc4 g5 29. Ng2 Qf3 30. Qxe6+ Kg7 31. Qxd6 Qf6 32. Qxf6+ Rxf6 33. Ng3 Rf3 34.
Ne1 Rf7 35. Nf5+ Kh7 36. Nf3 Nab4 37. Ne1 Na6 38. Kg2 Nab8 39. Nf3 Kg6 40. h4
gxh4 41. N3xh4+ Kf6 42. Bxh6 1-0

[Event "Lalevitch 2011"]
[Site "CRELEL"]
[Date "2011.10.14"]
[Round "5"]
[White "Marchal, Georges"]
[Black "Evrard, Jean-Marie"]
[Result "1/2-1/2"]
[WhiteElo "1424"]
[BlackElo "1150"]
[PlyCount "104"]
[EventDate "2011.??.??"]

1. d4 e6 2. e4 d5 3. Nc3 Bb4 4. Qg4 Qf6 5. e5 Qg6 6. Qxg6 hxg6 7. Bd2 Bd7 8.
Nf3 Ne7 9. Bd3 Nbc6 10. Nb5 Bxd2+ 11. Nxd2 O-O-O 12. Nb3 a6 13. Nc3 Rh4 14. Ne2
Nb4 15. O-O-O Nxa2+ 16. Kb1 Nb4 17. g3 Rh6 18. Nc5 Nxd3 19. Rxd3 Bb5 20. Rd2
Nc6 21. Nc3 Na5 22. Nxb5 axb5 23. f4 c6 24. h3 Kc7 25. Nd3 Nc4 26. Re2 Ra8 27.
c3 Rhh8 28. Kc2 Ra2 29. Kb3 Rha8 30. g4 Ra1 31. Rhh2 Rb1 32. Nb4 Rc1 33. Na2
Ra1 34. Nb4 Rc1 35. Nd3 Rb1 36. h4 Rg1 37. g5 Rh8 38. Nf2 Rg3 39. Kc2 Ne3+ 40.
Kb3 Ng4 41. Rh1 Nxf2 42. Rxf2 Rg4 43. Rfh2 Rh5 44. Ra1 Rgxh4 45. Rxh4 Rxh4 46.
Rf1 b6 47. Rf2 c5 48. Kc2 c4 49. b3 Kc6 50. b4 Rh3 51. Kb2 Rh5 52. Kc2 Rh4
1/2-1/2

[Event "Lalevitch 2011"]
[Site "CRELEL"]
[Date "2011.11.18"]
[Round "8"]
[White "Marchal, Georges"]
[Black "Gerard, Olivier"]
[Result "1-0"]
[WhiteElo "1458"]
[BlackElo "1150"]
[PlyCount "39"]
[EventDate "2011.??.??"]

1. e4 e5 2. Nf3 h6 3. d4 d6 4. dxe5 Bd7 5. Bc4 b5 6. Bb3 Nc6 7. Bd5 Nge7 8. Nc3
Rb8 9. exd6 cxd6 10. O-O Nxd5 11. Nxd5 Be7 12. Bf4 O-O 13. Nxe7+ Qxe7 14. Bxd6
Qxe4 15. Bxf8 Rxf8 16. Qxd7 Rd8 17. Qc7 Qxc2 18. Rac1 Qd3 19. Rxc6 Qd1 20. Ne5
1-0

[Event "Lalevitch 2011"]
[Site "CRELEL"]
[Date "2011.09.16"]
[Round "2"]
[White "Morgenthal, Renaud"]
[Black "Gerard, Olivier"]
[Result "0-1"]
[WhiteElo "1452"]
[BlackElo "1150"]
[PlyCount "88"]
[EventDate "2011.??.??"]

1. e4 e5 2. Nf3 Nc6 3. d4 d6 4. dxe5 Nxe5 5. Nxe5 dxe5 6. Qxd8+ Kxd8 7. Bc4 Nf6
8. Bg5 Be7 9. Bxf6 Bxf6 10. Bxf7 Bd7 11. Nc3 Ke7 12. Bb3 Rae8 13. Nd5+ Kd8 14.
O-O-O Bg5+ 15. Kb1 Rhf8 16. f3 c6 17. Nc3 Re7 18. Rd3 Kc7 19. Rhd1 Rd8 20. Na4
b6 21. Rd6 h5 22. Nc3 Be3 23. R6d3 Bd4 24. Ne2 Bc5 25. Ng3 g6 26. a3 b5 27. Ba2
b4 28. axb4 Bxb4 29. c3 Bc5 30. b4 Bb6 31. Rd6 Rg7 32. Be6 c5 33. bxc5 Bxc5 34.
Rxd7+ Rdxd7 35. Rxd7+ Rxd7 36. Bxd7 Kxd7 37. Kc2 Kc6 38. Kb3 a5 39. Ka4 Kb6 40.
Ne2 g5 41. Nc1 Be3 42. Nb3 Bf4 43. g3 Be3 44. Nxa5 Bg1 0-1

[Event "Lalevitch 2011"]
[Site "CRELEL"]
[Date "2011.10.07"]
[Round "4"]
[White "Albert, Julien"]
[Black "Gillain, Christophe"]
[Result "0-1"]
[WhiteElo "1697"]
[BlackElo "2110"]
[PlyCount "48"]
[EventDate "2011.??.??"]

1. e4 e6 2. d4 d5 3. Nd2 dxe4 4. Nxe4 Bd7 5. Nf3 Bc6 6. Bd3 Nd7 7. Qe2 Ngf6 8.
Neg5 Bxf3 9. Qxf3 c6 10. Bf4 Qb6 11. O-O-O Be7 12. Be5 Qa5 13. Kb1 Nxe5 14.
dxe5 Qxe5 15. h4 O-O 16. Rhe1 Qa5 17. Qg3 Rad8 18. Re5 Qb6 19. Ne4 Nxe4 20.
Rxe4 Bf6 21. b3 Rd5 22. Rg4 Qa5 23. Qf3 Qc3 24. Kc1 Rfd8 0-1

[Event "Lalevitch 2011"]
[Site "CRELEL"]
[Date "2011.09.16"]
[Round "2"]
[White "De Vettor, Marc"]
[Black "Gillain, Christophe"]
[Result "1/2-1/2"]
[WhiteElo "1716"]
[BlackElo "2110"]
[PlyCount "33"]
[EventDate "2011.??.??"]

1. c4 e6 2. Nf3 Nf6 3. Nc3 d5 4. d4 Nbd7 5. Bg5 Be7 6. e3 O-O 7. Bd3 c6 8. O-O
dxc4 9. Bxc4 b5 10. Bd3 Bb7 11. Rc1 a6 12. Qe2 c5 13. a3 cxd4 14. Nxd4 e5 15.
Nf5 Re8 16. Rfd1 e4 17. Bb1 1/2-1/2

[Event "Lalevitch 2011"]
[Site "CRELEL"]
[Date "2011.10.28"]
[Round "7"]
[White "Nauts, Patrick"]
[Black "Gillain, Christophe"]
[Result "1/2-1/2"]
[WhiteElo "2092"]
[BlackElo "2110"]
[PlyCount "106"]
[EventDate "2011.??.??"]

1. e4 e6 2. d4 d5 3. Nc3 dxe4 4. Nxe4 Bd7 5. Nf3 Bc6 6. Bd3 Nd7 7. O-O Ngf6 8.
Qe2 Be7 9. c4 O-O 10. Rd1 Nxe4 11. Bxe4 Bxe4 12. Qxe4 c6 13. Bf4 Bf6 14. Rd3
Qb6 15. Rb3 Qa6 16. Bd6 Rfd8 17. Ne5 c5 18. Nxd7 Rxd7 19. dxc5 Rad8 20. g3 g6
21. a3 Rc8 22. Rb1 b6 23. Rb5 Bg7 24. Qe3 Qa4 25. Qc1 Bd4 26. b3 Qa6 27. b4 Rc6
28. Qf4 Bg7 29. Rxb6 Rxb6 30. cxb6 axb6 31. c5 Qd3 32. Qc1 Bd4 33. Qf1 Qc2 34.
Re1 bxc5 35. bxc5 Bxc5 36. Bxc5 Qxc5 37. a4 Rd2 38. Re2 Rd4 39. Qa1 Rc4 40. Re1
Rc2 41. Qf6 Rc1 42. Qd8+ Kg7 43. Qd2 Rc2 44. Qe3 Qxe3 45. Rxe3 Ra2 46. Re4 Kf6
47. h4 e5 48. g4 h5 49. g5+ Kf5 50. Rb4 e4 51. Kf1 Kf4 52. Kg2 Ra3 53. Rc4 Ra2
1/2-1/2

[Event "Lalevitch 2011"]
[Site "CRELEL"]
[Date "2011.10.21"]
[Round "6"]
[White "Hansotte, Michel"]
[Black "Giordano, Francesco"]
[Result "1-0"]
[WhiteElo "1467"]
[BlackElo "1295"]
[PlyCount "107"]
[EventDate "2011.??.??"]

1. d4 d5 2. Nf3 Nf6 3. c4 c6 4. Nc3 e6 5. c5 Be7 6. e3 O-O 7. Bd3 Nbd7 8. b4 b6
9. Ba3 b5 10. O-O Kh8 11. Qc2 g6 12. Bb2 Qc7 13. a4 a6 14. axb5 cxb5 15. Qb3
Bb7 16. Rfe1 Rfe8 17. Rac1 Bc6 18. Qc2 Bf8 19. e4 Nh5 20. exd5 exd5 21. Ne5
Nxe5 22. dxe5 Bg7 23. g3 Bxe5 24. Re2 Bg7 25. Rce1 Rxe2 26. Rxe2 Nf6 27. Qb1
Re8 28. Qe1 Rxe2 29. Qxe2 Kg8 30. Nd1 Qd8 31. Bd4 Ne4 32. Bxg7 Kxg7 33. Bxe4
dxe4 34. Qb2+ Kg8 35. Ne3 Qd7 36. Qc3 Qe6 37. Nc2 Qd5 38. Qd4 Qxd4 39. Nxd4 Bb7
40. Kf1 Kf8 41. Ke2 Ke7 42. Ke3 Kd8 43. Kf4 f6 44. c6 Bc8 45. Kxe4 Kc7 46. Kd5
Bh3 47. Kc5 Bg2 48. Ne6+ Kc8 49. Kb6 g5 50. Nc5 a5 51. bxa5 b4 52. a6 Kb8 53.
a7+ Ka8 54. Na6 1-0

[Event "Lalevitch 2011"]
[Site "CRELEL"]
[Date "2011.10.07"]
[Round "4"]
[White "Jortay, Olivier"]
[Black "Giordano, Francesco"]
[Result "1-0"]
[WhiteElo "1494"]
[BlackElo "1295"]
[PlyCount "67"]
[EventDate "2011.??.??"]

1. d4 d5 2. Nf3 Nf6 3. c4 c6 4. cxd5 cxd5 5. Nc3 e6 6. Bf4 Be7 7. e3 O-O 8. Bd3
h6 9. h4 Bd6 10. Bxd6 Qxd6 11. Ne5 Nbd7 12. f4 Nxe5 13. fxe5 Qc7 14. exf6 Qg3+
15. Kd2 Qf2+ 16. Ne2 Qxf6 17. Qf1 Qd8 18. a3 Qd6 19. Qf4 Qe7 20. h5 f6 21. Qg3
f5 22. Nf4 Qd6 23. Qh4 a6 24. g4 e5 25. Ng6 Re8 26. Nxe5 Rxe5 27. dxe5 Qxe5 28.
Qd8+ Kh7 29. Qb6 Be6 30. gxf5 Bxf5 31. Bxf5+ Qxf5 32. Qg6+ Qxg6 33. hxg6+ Kxg6
34. Raf1 1-0

[Event "Lalevitch 2011"]
[Site "CRELEL"]
[Date "2011.09.30"]
[Round "3"]
[White "Lecoq, Eric"]
[Black "Hansotte, Michel"]
[Result "1-0"]
[WhiteElo "1843"]
[BlackElo "1467"]
[PlyCount "51"]
[EventDate "2011.??.??"]

1. e4 c5 2. Nf3 d6 3. d4 cxd4 4. Nxd4 Nf6 5. Nc3 a6 6. Be3 g6 7. f3 Bg7 8. Qd2
O-O 9. Bc4 Bd7 10. O-O-O b5 11. Bb3 Qc7 12. h4 Rd8 13. h5 Nxh5 14. Nd5 Qb7 15.
Nxe7+ Kf8 16. Bd5 Bc6 17. Nexc6 Nxc6 18. Bxc6 Qc7 19. Bxa8 Rxa8 20. Bh6 Qe7 21.
Nc6 Qf6 22. Bxg7+ Kxg7 23. Qd4 Rc8 24. Qxf6+ Nxf6 25. Ne7 Rd8 26. e5 1-0

[Event "Lalevitch 2011"]
[Site "CRELEL"]
[Date "2011.10.28"]
[Round "7"]
[White "Nottet, Tristan"]
[Black "Hansotte, Michel"]
[Result "0-1"]
[WhiteElo "1689"]
[BlackElo "1467"]
[PlyCount "54"]
[EventDate "2011.??.??"]

1. e4 c5 2. c3 Nc6 3. d4 cxd4 4. cxd4 d5 5. e5 e6 6. f4 Bb4+ 7. Bd2 Qb6 8. Bc3
Nxd4 9. a3 Bxc3+ 10. bxc3 Nf5 11. a4 Bd7 12. Bd3 Nge7 13. Ne2 Ne3 14. Qd2 Nxg2+
15. Kf1 Ne3+ 16. Ke1 N7f5 17. Rg1 O-O 18. Ra2 Qc5 19. Nd4 b6 20. h4 Qe7 21. Rh1
f6 22. h5 fxe5 23. fxe5 Rf7 24. Qh2 Nxd4 25. cxd4 Qb4+ 26. Ke2 Nf5 27. Qg2 Qxd4
0-1

[Event "Lalevitch 2011"]
[Site "CRELEL"]
[Date "2011.09.02"]
[Round "1"]
[White "Albert, Julien"]
[Black "Hardy, Roger"]
[Result "1-0"]
[WhiteElo "1697"]
[BlackElo "1293"]
[PlyCount "71"]
[EventDate "2011.??.??"]

1. e4 c5 2. Nf3 d6 3. d4 cxd4 4. Nxd4 Nf6 5. Nc3 g6 6. f3 Bg7 7. Be3 O-O 8. Qd2
Nc6 9. Bc4 Bd7 10. Bb3 Rc8 11. O-O-O Ne5 12. g4 Nc4 13. Bxc4 Rxc4 14. h4 h5 15.
g5 Nh7 16. f4 a6 17. f5 b5 18. Nd5 Re8 19. Rhf1 a5 20. Qf2 f6 21. fxg6 Nf8 22.
gxf6 exf6 23. Nf5 Bxf5 24. exf5 Nd7 25. Qf3 Rxh4 26. Rh1 Ne5 27. Qg3 Rg4 28.
Qh3 h4 29. Bf4 Qc8 30. Bxe5 Qxf5 31. Bxf6 Qxg6 32. Bxg7 Qxg7 33. Nf6+ Kh8 34.
Nxe8 Qg6 35. Qc3+ Kh7 36. Nf6+ 1-0

[Event "Lalevitch 2011"]
[Site "CRELEL"]
[Date "2011.10.14"]
[Round "5"]
[White "Mols, Mia"]
[Black "Hardy, Roger"]
[Result "0-1"]
[WhiteElo "1150"]
[BlackElo "1293"]
[PlyCount "94"]
[EventDate "2011.??.??"]

1. e4 c5 2. Nf3 d6 3. c3 Nf6 4. d3 Nc6 5. Be2 e5 6. Bg5 Be7 7. Nbd2 O-O 8. h3
d5 9. exd5 Nxd5 10. Bxe7 Qxe7 11. Qb3 Nf4 12. Rg1 Nxe2 13. Kxe2 b6 14. Ne4 Be6
15. Qc2 Rad8 16. Rgd1 a6 17. a3 Na5 18. c4 Nc6 19. Kf1 Nd4 20. Nxd4 cxd4 21.
Qd2 f5 22. Ng5 f4 23. Nxe6 Qxe6 24. f3 Qg6 25. Re1 Rf5 26. Re4 Qg3 27. Qf2 Qh2
28. Qg1 Qg3 29. Rae1 Qg6 30. a4 Rc8 31. b3 a5 32. Ra1 Rcf8 33. Qf2 Rg5 34. Qd2
Rff5 35. Ra2 Rg3 36. b4 Rfg5 37. Re2 Rxf3+ 38. Rf2 Rxf2+ 39. Qxf2 Qxd3+ 40. Re2
Qxc4 41. Qf3 Rf5 42. Qa8+ Kf7 43. Qb7+ Kg6 44. Qxb6+ Rf6 45. Qxa5 f3 46. gxf3
Rxf3+ 47. Ke1 Qc1# 0-1

[Event "Lalevitch 2011"]
[Site "CRELEL"]
[Date "2011.10.07"]
[Round "4"]
[White "Mahiels, Bruno"]
[Black "Hautot, Stephane"]
[Result "0-1"]
[WhiteElo "1713"]
[BlackElo "2429"]
[PlyCount "82"]
[EventDate "2011.??.??"]

1. d4 Nf6 2. Bf4 d5 3. e3 c5 4. c3 Nc6 5. Nd2 Qb6 6. Qb3 c4 7. Qxb6 axb6 8. h3
b5 9. g4 h5 10. g5 Nd7 11. Bg2 e6 12. h4 b4 13. Ne2 Be7 14. O-O Nb6 15. e4 Kd7
16. Rfe1 f6 17. exd5 exd5 18. Nf3 Kd8 19. Bd2 Bf5 20. Nf4 Kd7 21. Kh2 Ra5 22.
Bh3 Bg4 23. Kg3 Bxh3 24. Kxh3 Na4 25. Ne6 Nxb2 26. Nxg7 Nd3 27. Rf1 bxc3 28.
Bxc3 Ra3 29. Bd2 Nf4+ 30. Kg3 Nxd4 31. Be3 Nde2+ 32. Kh2 fxg5 33. hxg5 Rf8 34.
Rab1 Kc8 35. Rb6 Ra6 36. Rfb1 Rxb6 37. Rxb6 Rf7 38. Ne6 Nxe6 39. Rxe6 Kd7 40.
g6 Kxe6 41. gxf7 Kxf7 0-1